Designing for Change <A> Practical Guide to Business Transformation
Na minha lista:
| Autor principal: | |
|---|---|
| Formato: | Livro |
| Idioma: | inglês |
| Publicado em: |
Chichester
John Wiley and Sons
1996
|
| Edição: | 1. ed. |
| Assuntos: | |
| Tags: |
Sem tags, seja o primeiro a adicionar uma tag!
|
MARC
| LEADER | 00000nam a2200000 4500 | ||
|---|---|---|---|
| 001 | c019421 | ||
| 005 | 20221205125102.7 | ||
| 020 | |a 0-471-96452-2 | ||
| 041 | 0 | |a eng | |
| 044 | |a GB | ||
| 245 | 1 | 0 | |a Designing for Change |b <A> Practical Guide to Business Transformation |c Colin Bainbridge |
| 250 | |a 1. ed. | ||
| 264 | 1 | |a Chichester |b John Wiley and Sons |c 1996 | |
| 300 | |a 250 s. | ||
| 610 | 2 | 0 | |a zmeny organizačné |
| 610 | 2 | 0 | |a transformácia |
| 610 | 2 | 0 | |a projektovanie |
| 610 | 2 | 0 | |a projekty organizačné |
| 610 | 2 | 0 | |a reorganizácia |
| 610 | 2 | 0 | |a firmy |
| 610 | 2 | 0 | |a podnikanie obchodné |
| 610 | 2 | 0 | |a organizácia obchodu |
| 100 | 1 | |a Bainbridge, Colin | |